|
|
|
|
| LEADER |
00000cam a2200000 a 4500 |
| 003 |
Ucuenca |
| 005 |
20231110062655.0 |
| 008 |
983022|1882 fr |||||r|||||||||||spa|| |
| 999 |
|
|
|c 40756
|d 40756
|
| 040 |
|
|
|b spa
|a UCuenca-CDRJBV
|c UCuenca
|e rda
|
| 041 |
1 |
|
|a spa
|
| 082 |
0 |
|
|a E864.2
|c 4051
|
| 100 |
1 |
|
|a Montalvo, Juan.
|d 1832-1889
|9 229057
|
| 245 |
|
|
|a Siete tratados
|c Juan Montalvo
|h imp
|n tomo 1
|
| 264 |
|
|
|a Besanzón
|b Imprenta de José Jacquin
|c 1882
|
| 300 |
|
|
|a 400 páginas:
|c 23 cm
|
| 336 |
|
|
|2 rdacontent
|a texto
|b txt
|
| 337 |
|
|
|2 rdamedia
|a no mediado
|b n
|
| 338 |
|
|
|2 rdacontent
|a texto
|b txt
|
| 650 |
|
7 |
|a Ensayo ecuatoriano
|9 911
|
| 650 |
|
0 |
|a Literatura ecuatoriana
|9 307
|
| 852 |
|
|
|a UC-CDJBV
|
| 942 |
|
|
|c BK
|2 ddc
|r lucia.mora@ucuenca.edu.ec
|0 1
|